Music Quiz

Random Music or Song Quiz

Scotty McCreery Songs Quiz Stats

 Plays Quiz not verified by Sporcle

Challenge
Share
Tweet
Embed
Score 0/31 Timer 05:00
0 Plays Today
Album Song Titles % Correct
Clear As DayI Love You This Big
94.7%
Clear As DayThe Trouble With Girls
94.4%
Clear As DayClear As Day
88.8%
See You TonightFeelin' It
87%
Clear As DayWater Tower Town
83.2%
See You TonightSee You Tonight
80.3%
Clear As DayDirty Dishes
79.7%
Clear As DayOut of Summertime
75.9%
See You TonightNow
75.4%
See You TonightBlue Jean Baby
75%
Clear As DayWalk In The Country
74.4%
Clear As DayBack On The Ground
73.5%
Clear As DayWrite My Number On Your Hand
72.1%
Clear As DayThat Old King James
70.9%
Clear As DayBetter Than That
70.6%
Clear As DayYou Make That Look Good
70.6%
Album Song Titles % Correct
See You TonightBuzzin'
70%
See You TonightForget To Forget You
69%
See You TonightFeel Good Summer Song
68%
See You TonightThe Dash
68%
See You TonightCarolina Moon
68%
See You TonightCarolina Eyes
66%
See You TonightCan You Feel It
65%
See You TonightSomething More
65%
See You TonightBefore Midnight
58%
See You TonightI Don't Wanna Be Your Friend
57%
See You TonightRoll Your Window Down
57%
See You TonightGet Gone With You
54.1%
See You TonightSuntan
46%
See You TonightThis Is That Night
44%
Unreleased TrackRock This Night
37%

You're not logged in!

Compare scores with friends on all Sporcle quizzes.
Join for Free
OR
Log In

You Might Also Like...

Show Comments

Extras

Created Oct 5, 2011ReportNominate
Tags:Song Quiz, scotty

Top Quizzes Today


Score Distribution

Your Account Isn't Verified!

In order to create a playlist on Sporcle, you need to verify the email address you used during registration. Go to your Sporcle Settings to finish the process.

Report this User

Report this user for behavior that violates our Community Guidelines.

Details: